书目信息 |
| 题名: |
乐器法手册
|
|
| 作者: | 梁广程 , 潘永璋 编 | |
| 分册: | ||
| 出版信息: | 北京 人民音乐出版社 1996.11 |
|
| 页数: | 301页 | |
| 开本: | 20cm | |
| 丛书名: | ||
| 单 册: | ||
| 中图分类: | J63 | |
| 科图分类: | ||
| 主题词: | 民族器乐--理论 , 民族乐器--奏法 | |
| 电子资源: | ||
| ISBN: | 7-103-01393-4 | |
| 000 | 00633nam0 2200229 45 | |
| 001 | 0312221749 | |
| 005 | 20040513083801.4 | |
| 010 | @a7-103-01393-4@dCNY17.40 | |
| 100 | @a20031222d1996 km y0chiy0120 ea | |
| 101 | @achi | |
| 105 | @a z 000yy | |
| 200 | 1 | @a乐器法手册@AYue Qi Fa Shou Ce@f梁广程,潘永璋编@FLiang Guang Cheng,Pan Yong Zhang Bian |
| 205 | @a2版 | |
| 210 | @a北京@c人民音乐出版社@d1996.11 | |
| 215 | @a301页@d20cm | |
| 606 | 0 | @a民族器乐@x理论 |
| 606 | 0 | @a民族乐器@x奏法 |
| 690 | @aJ63@v3 | |
| 701 | 0 | @a梁广程@4编 |
| 701 | 0 | @a潘永璋@4编 |
| 801 | @aCN@bTSTCL@c20031222 | |
| 905 | @dJ63@e10=2@f2@b275581-582 | |
| 乐器法手册/梁广程,潘永璋编.-2版.-北京:人民音乐出版社,1996.11 |
| 301页;20cm |
| ISBN 7-103-01393-4:CNY17.40 |
| ● |
| 相关链接 |
|
|
|
|
正题名:乐器法手册
索取号:J63/10=2
 
预约/预借
| 序号 | 登录号 | 条形码 | 馆藏地/架位号 | 状态 | 备注 |
| 1 | 0275581 | 001238404 | 第一借阅区/ [索取号:J63/10=2] | 在馆 | |
| 2 | 0275582 | 001238360 | 第一借阅区/ [索取号:J63/10=2] | 在馆 | |
| 3 | 0275583 | 001238324 | 第一样本阅览室/ [索取号:J63/10=2] | 在馆 |